| 000 | 00555nam a2200169Ia 4500 | ||
|---|---|---|---|
| 003 | GCL | ||
| 008 | 140319s9999 xx 000 0 ara d | ||
| 040 |
_aGCL / _cGCL |
||
| 082 | 0 | 4 |
_a225 _bاب |
| 100 | 1 | _aالسيد الجميلى | |
| 245 | 1 | 0 |
_aالبلاغة القرانية المختارة من الاتقان ومعترك الاقران للامام السيوطى / _cالسيد الجميلى |
| 260 |
_a[S.N] : _bدار المعرفة ، _c1993 |
||
| 300 | _a201 ص | ||
| 490 | _a | ||
| 650 | 0 | 4 | _aالقران - بلاغة |
| 942 |
_2ddc _cBK |
||
| 999 |
_c31043 _d31043 |
||